[Event "Oberliga Ost B 2017 2018"]
[Site "Germany"]
[Date "2018.04.14"]
[Round "10.7"]
[White "Meyer, Kai Christian"]
[Black "Rondonuwu, Grover"]
[Result "1-0"]
[WhiteElo "2158"]
[BlackElo "2098"]
[PlyCount "93"]
[EventDate "2017.10.22"]
[EventType "team-tourn"]
[EventCountry "GER"]
[WhiteTeam "Schoeneck SF"]
[BlackTeam "Frankfurter TV"]
[WhiteTeamCountry "GER"]
[BlackTeamCountry "GER"]

1. c4 e5 2. g3 g6 3. Bg2 Bg7 4. Nc3 Ne7 5. Nf3 c5 6. O-O O-O 7. d3 Nbc6 8. Nd5
d6 9. Ne1 h6 10. Nc2 Rb8 11. a3 a5 12. Bd2 b6 13. b4 Nxd5 14. cxd5 Ne7 15. bxa5
b5 16. Rb1 Bd7 17. e3 Qc8 18. d4 exd4 19. exd4 Bf5 20. Rc1 Bxc2 21. Rxc2 Bxd4
22. Bxh6 Re8 23. Re2 Nf5 24. Bh3 Rxe2 25. Qxe2 Nxg3 26. hxg3 Qxh3 27. Bf4 Kg7
28. Qf3 Rh8 29. Qg2 Qd7 30. Rb1 g5 31. Bd2 Qf5 32. Rf1 f6 33. a6 Ra8 34. Re1
Rxa6 35. Re7+ Kf8 36. Re6 Rxa3 37. Qh2 Ra1+ 38. Be1 Qg6 39. Qh8+ Qg8 40. Re8+
Kxe8 41. Qxg8+ Kd7 42. Qe6+ Kc7 43. Qe7+ Kc8 44. Qe8+ Kc7 45. Qc6+ Kd8 46.
Qxd6+ Ke8 47. Qe6+ 1-0

[Event "Oberliga Ost B 2017 2018"]
[Site "Germany"]
[Date "2018.04.14"]
[Round "10.1"]
[White "Kuznecovs, Nikita"]
[Black "Mueller, Maximilian"]
[Result "0-1"]
[WhiteElo "2130"]
[BlackElo "2313"]
[PlyCount "90"]
[EventDate "2017.10.22"]
[EventType "team-tourn"]
[EventCountry "GER"]
[WhiteTeam "Stadtilm SG BW"]
[BlackTeam "Gernsheim SK"]
[WhiteTeamCountry "GER"]
[BlackTeamCountry "GER"]

1. d4 d5 2. Bf4 c5 3. e3 Qb6 4. Nc3 Nf6 5. Nb5 Na6 6. a4 c4 7. b3 cxb3 8. c3 b2
9. Rb1 g6 10. Rxb2 Qa5 11. Bd3 Bg7 12. h3 O-O 13. Ne2 Bd7 14. O-O Rfc8 15. Nc1
Nb8 16. Nb3 Qd8 17. Qd2 b6 18. Bxb8 Rcxb8 19. c4 dxc4 20. Bxc4 Rc8 21. Bd3 Bc6
22. f3 Ne8 23. f4 e6 24. Nc3 Nd6 25. a5 b5 26. a6 Nc4 27. Bxc4 bxc4 28. Na1 Bf8
29. Nc2 Rab8 30. Rfb1 Rxb2 31. Rxb2 Rb8 32. Qc1 Rxb2 33. Qxb2 Qa5 34. e4 Qxa6
35. d5 exd5 36. exd5 Qb7 37. Qc1 Bxd5 38. Qd2 Bc6 39. Nd4 Bc5 40. Kh2 Qd7 41.
Nce2 Qd5 42. Nf3 Qxd2 43. Nxd2 Bb4 44. Nf1 Be4 45. Ne3 Bd3 0-1

[Event "Oberliga Ost B 2017 2018"]
[Site "Germany"]
[Date "2018.04.14"]
[Round "10.2"]
[White "Mazurek, Robert"]
[Black "Siebarth, Raiko"]
[Result "1/2-1/2"]
[WhiteElo "2152"]
[BlackElo "2288"]
[PlyCount "164"]
[EventDate "2017.10.22"]
[EventType "team-tourn"]
[EventCountry "GER"]
[WhiteTeam "Gernsheim SK"]
[BlackTeam "Stadtilm SG BW"]
[WhiteTeamCountry "GER"]
[BlackTeamCountry "GER"]

1. d4 Nf6 2. c4 e6 3. Nc3 Bb4 4. Bg5 c5 5. d5 d6 6. e3 exd5 7. cxd5 Nbd7 8. Bd3
Qa5 9. Nge2 Nxd5 10. O-O Bxc3 11. bxc3 c4 12. Bc2 O-O 13. Bh4 Nxc3 14. Nxc3
Qxc3 15. Rc1 Qe5 16. Bg3 Qe6 17. Qxd6 Qxd6 18. Bxd6 Rd8 19. Bc7 Re8 20. Bd1 Nc5
21. Rxc4 b6 22. Be2 Ba6 23. Rc2 Bxe2 24. Rxe2 Rac8 25. Bf4 Rcd8 26. h3 f6 27.
Rc2 Rd7 28. g4 Kf7 29. Kg2 Re4 30. Kf3 Ra4 31. Ke2 g5 32. Bh2 Ra3 33. Rd1 Rxd1
34. Kxd1 Ke6 35. Kc1 Kd5 36. Bb8 Kc6 37. Kb2 Rd3 38. Kc1 a5 39. Re2 Rd8 40. Bh2
b5 41. f4 gxf4 42. exf4 Rd3 43. h4 Rh3 44. g5 f5 45. Rc2 Kd5 46. Bg1 Nd3+ 47.
Kd2 Nxf4 48. Rc5+ Ke4 49. Rxb5 Rh1 50. Bb6 Rh2+ 51. Ke1 Rxa2 52. Bxa5 Ng2+ 53.
Kf1 Ne3+ 54. Kg1 Kf3 55. Bc3 Rc2 56. Bb2 Rd2 57. Rb3 f4 58. Be5 Rg2+ 59. Kh1
Rg4 60. Rb4 Rxh4+ 61. Kg1 Rg4+ 62. Kh2 Nd5 63. Rd4 Rxg5 64. Rxd5 Ke4 65. Rd7
Rh5+ 66. Kg2 Kxe5 67. Re7+ Kf6 68. Ra7 Kg6 69. Ra6+ Kf5 70. Ra7 Rg5+ 71. Kf3
Rg3+ 72. Kf2 h5 73. Rf7+ Ke5 74. Rh7 Rh3 75. Kg2 Rh4 76. Kf3 Kf6 77. Rh8 Kg7
78. Ra8 Rg4 79. Ra4 Rg3+ 80. Kf2 Rg4 81. Kf3 Rg3+ 82. Kf2 Rg4 1/2-1/2

[Event "Oberliga Ost B 2017 2018"]
[Site "Germany"]
[Date "2018.04.14"]
[Round "10.3"]
[White "Schneider, Christian"]
[Black "Peterson, Emery"]
[Result "1/2-1/2"]
[WhiteElo "2215"]
[BlackElo "2165"]
[PlyCount "127"]
[EventDate "2017.10.22"]
[EventType "team-tourn"]
[EventCountry "GER"]
[WhiteTeam "Stadtilm SG BW"]
[BlackTeam "Gernsheim SK"]
[WhiteTeamCountry "GER"]
[BlackTeamCountry "GER"]

1. c4 e6 2. g3 d5 3. Bg2 c6 4. Nf3 Nf6 5. b3 Be7 6. Bb2 O-O 7. O-O b6 8. Qc2
Bb7 9. cxd5 cxd5 10. Ne5 Na6 11. d3 Rc8 12. Qd2 Nb4 13. Na3 Nd7 14. Nf3 a6 15.
Nd4 Nf6 16. Nac2 Nxc2 17. Nxc2 Qd7 18. Rfc1 h6 19. Nd4 Rxc1+ 20. Rxc1 Rc8 21.
Nf3 Rxc1+ 22. Qxc1 Qc8 23. Qxc8+ Bxc8 24. Ne5 Bb7 25. Kf1 Kf8 26. h3 Bd6 27.
Nc4 dxc4 28. Bxb7 cxd3 29. exd3 a5 30. Ke2 Nd7 31. d4 Ke7 32. Kd3 Kd8 33. Kc4
Kc7 34. Bf3 Nf6 35. Bc1 Nd7 36. Be3 e5 37. Bg4 Nf6 38. Bf3 e4 39. Bg2 Kc6 40.
a4 Bc7 41. g4 Bd8 42. d5+ Kd6 43. Bf4+ Kd7 44. Be5 Be7 45. Bd4 Bd8 46. f3 exf3
47. Bxf3 Ne8 48. Kb5 Nc7+ 49. Kc4 Ne8 50. Be4 Nd6+ 51. Kd3 Ne8 52. Bf5+ Kd6 53.
Kc4 g6 54. Be4 Kd7 55. Be3 Nd6+ 56. Kd3 g5 57. Bd4 f6 58. Bh7 Ke7 59. Bb2 Kf7
60. Be4 Be7 61. Bd4 Bd8 62. Bb2 Be7 63. Bd4 Bd8 64. Bb2 1/2-1/2

[Event "Oberliga Ost B 2017 2018"]
[Site "Germany"]
[Date "2018.04.14"]
[Round "10.4"]
[White "Nies, Peter"]
[Black "Mehlhorn, Uwe"]
[Result "1/2-1/2"]
[WhiteElo "2087"]
[BlackElo "2153"]
[PlyCount "81"]
[EventDate "2017.10.22"]
[EventType "team-tourn"]
[EventCountry "GER"]
[WhiteTeam "Gernsheim SK"]
[BlackTeam "Stadtilm SG BW"]
[WhiteTeamCountry "GER"]
[BlackTeamCountry "GER"]

1. e4 d6 2. Nc3 g6 3. Bc4 Bg7 4. d3 e6 5. Bb3 Nc6 6. f4 Nd4 7. Nf3 c5 8. O-O
Ne7 9. Qe1 O-O 10. Nxd4 cxd4 11. Ne2 a5 12. a4 Kh8 13. Qf2 Qb6 14. Qh4 Qd8 15.
Qf2 Nc6 16. Ng3 f5 17. exf5 exf5 18. Bd2 Nb4 19. Bxb4 axb4 20. Qd2 Qb6 21. h4
Re8 22. Rfe1 Bd7 23. h5 Bf6 24. Rxe8+ Rxe8 25. Re1 Re3 26. Nf1 Rxe1 27. Qxe1 d5
28. hxg6 hxg6 29. Nh2 Qd6 30. Qd2 Kg7 31. Nf3 Bc6 32. Kf2 Qe7 33. g3 Qe8 34.
Qe1 Qxe1+ 35. Kxe1 Kh6 36. Kf2 Kh5 37. Kg2 Kg4 38. Nh2+ Kh5 39. Nf3 Bh8 40. Kh3
Bf6 41. Kg2 1/2-1/2

[Event "Oberliga Ost B 2017 2018"]
[Site "Germany"]
[Date "2018.04.14"]
[Round "10.5"]
[White "George, Tom"]
[Black "Rosenberger, Frank"]
[Result "1-0"]
[WhiteElo "2205"]
[BlackElo "2110"]
[PlyCount "77"]
[EventDate "2017.10.22"]
[EventType "team-tourn"]
[EventCountry "GER"]
[WhiteTeam "Stadtilm SG BW"]
[BlackTeam "Gernsheim SK"]
[WhiteTeamCountry "GER"]
[BlackTeamCountry "GER"]

1. e4 e6 2. d4 d5 3. Nd2 Nf6 4. e5 Nfd7 5. Bd3 c5 6. c3 Nc6 7. Ne2 cxd4 8. cxd4
f6 9. exf6 Qxf6 10. O-O Bd6 11. Nf3 h6 12. Be3 O-O 13. Rc1 Rd8 14. Qd2 Nf8 15.
Bf4 Bxf4 16. Qxf4 Qxf4 17. Nxf4 g5 18. Nh5 Bd7 19. Bb5 Rac8 20. Bxc6 Bxc6 21.
Ne5 Bb5 22. Rfe1 Be8 23. Ng3 Kg7 24. f4 gxf4 25. Ne2 f3 26. gxf3 h5 27. Kf2 Kf6
28. Nf4 Kf5 29. Ned3 b6 30. Re5+ Kf6 31. Rxc8 Rxc8 32. Nxh5+ Bxh5 33. Rxh5 Ng6
34. Ke3 Rc2 35. Rh7 Ne7 36. Ne5 Nf5+ 37. Kf4 Nd6 38. Rd7 Rd2 39. Rxd6 1-0

[Event "Oberliga Ost B 2017 2018"]
[Site "Germany"]
[Date "2018.04.14"]
[Round "10.6"]
[White "Neumann, Martin"]
[Black "Siebarth, Marco"]
[Result "0-1"]
[WhiteElo "2049"]
[BlackElo "2024"]
[PlyCount "100"]
[EventDate "2017.10.22"]
[EventType "team-tourn"]
[EventCountry "GER"]
[WhiteTeam "Gernsheim SK"]
[BlackTeam "Stadtilm SG BW"]
[WhiteTeamCountry "GER"]
[BlackTeamCountry "GER"]

1. d4 d5 2. c4 c6 3. Nc3 Nf6 4. e3 e6 5. Nf3 Nbd7 6. Bd3 dxc4 7. Bxc4 b5 8. Bd3
a6 9. O-O c5 10. b3 Bb7 11. Bb2 Be7 12. Ne2 O-O 13. Ng3 Rc8 14. Rc1 cxd4 15.
Nxd4 Rxc1 16. Qxc1 Nc5 17. Bb1 Qa8 18. f3 Rc8 19. Qd2 Rd8 20. Qc2 Rc8 21. Qe2
b4 22. Rd1 a5 23. e4 Rd8 24. Kh1 Ba6 25. Qe1 Bf8 26. e5 Nd5 27. Ne4 Nxe4 28.
Bxe4 Bb7 29. Rc1 g6 30. Nb5 Bh6 31. Rd1 Bg7 32. Nd6 Rxd6 33. exd6 Bxb2 34. Qf2
Bf6 35. Qc5 Qd8 36. Bxd5 Bxd5 37. Qc7 Kf8 38. Rc1 Ke8 39. Qc8 Bc3 40. Qa6 h5
41. Qb5+ Kf8 42. Qc5 Qd7 43. Qc7 Bc6 44. Qxa5 Qxd6 45. Rg1 h4 46. Qg5 Qd4 47.
h3 Kg7 48. Qc1 Qf2 49. a3 Qg3 50. f4 Qxh3# 0-1

[Event "Oberliga Ost B 2017 2018"]
[Site "Germany"]
[Date "2018.04.14"]
[Round "10.7"]
[White "Neubauer, Andreas"]
[Black "Mao, Kevin"]
[Result "1-0"]
[WhiteElo "2145"]
[BlackElo "2004"]
[PlyCount "71"]
[EventDate "2017.10.22"]
[EventType "team-tourn"]
[EventCountry "GER"]
[WhiteTeam "Stadtilm SG BW"]
[BlackTeam "Gernsheim SK"]
[WhiteTeamCountry "GER"]
[BlackTeamCountry "GER"]

1. c4 c5 2. g3 g6 3. Bg2 Bg7 4. Nf3 Nf6 5. O-O O-O 6. d4 cxd4 7. Nxd4 Nc6 8.
Nc2 d6 9. Nc3 Ng4 10. Bd2 Be6 11. b3 Qb6 12. Rc1 Qa5 13. Nd5 Qd8 14. h3 Nh6 15.
b4 Rc8 16. Bg5 f6 17. Be3 Nf5 18. Qd2 b6 19. Rfd1 Qd7 20. Kh2 Ne5 21. Na3 h5
22. f4 Nf7 23. Bf2 Rfd8 24. e4 N5h6 25. Re1 Kf8 26. Qe2 Bxd5 27. exd5 f5 28.
Nb5 Re8 29. Bd4 Bf6 30. Bf3 Nd8 31. Bxf6 exf6 32. Qxe8+ Qxe8 33. Rxe8+ Kxe8 34.
Nxd6+ Kd7 35. Nxc8 Kxc8 36. c5 1-0

[Event "Oberliga Ost B 2017 2018"]
[Site "Germany"]
[Date "2018.04.14"]
[Round "10.8"]
[White "Schupp, Uwe"]
[Black "Wolf, Philipp"]
[Result "1-0"]
[WhiteElo "2128"]
[BlackElo "1832"]
[PlyCount "47"]
[EventDate "2017.10.22"]
[EventType "team-tourn"]
[EventCountry "GER"]
[WhiteTeam "Gernsheim SK"]
[BlackTeam "Stadtilm SG BW"]
[WhiteTeamCountry "GER"]
[BlackTeamCountry "GER"]

1. g3 e6 2. Bg2 Nf6 3. Nf3 d5 4. c4 Be7 5. b3 d4 6. d3 O-O 7. O-O c5 8. e3 Nc6
9. e4 Qc7 10. Na3 a6 11. Bf4 e5 12. Bd2 Rb8 13. Nh4 b5 14. Nf5 Bxf5 15. exf5
Ne8 16. Qf3 Na7 17. Rfe1 f6 18. Qh5 Rd8 19. Re4 Rf7 20. Rh4 h6 21. Qg6 Kf8 22.
Qh7 Bd6 23. Bd5 Rfd7 24. Qg8+ 1-0

[Event "Oberliga Ost B 2017 2018"]
[Site "Germany"]
[Date "2018.04.14"]
[Round "10.1"]
[White "Nayhebaver, Martin"]
[Black "Henrich, Thomas"]
[Result "1-0"]
[WhiteElo "2451"]
[BlackElo "2310"]
[PlyCount "39"]
[EventDate "2017.10.22"]
[EventType "team-tourn"]
[EventCountry "GER"]
[WhiteTeam "Kasseler SK"]
[BlackTeam "Marburg SK"]
[WhiteTeamCountry "GER"]
[BlackTeamCountry "GER"]

1. e4 c5 2. Nf3 g6 3. c3 Nc6 4. d4 d5 5. exd5 Qxd5 6. Be3 cxd4 7. Na3 Bg4 8.
Bc4 Bxf3 9. gxf3 Qf5 10. Nb5 Rc8 11. Nxd4 Qd7 12. Qb3 e5 13. Nxc6 bxc6 14. Rd1
Qc7 15. Qa4 Bh6 16. Bc5 Bf4 17. Qxa7 Qxa7 18. Bxa7 Ne7 19. Bc5 Rc7 20. Bb6 1-0

[Event "Oberliga Ost B 2017 2018"]
[Site "Germany"]
[Date "2018.04.14"]
[Round "10.2"]
[White "Alber, Horst"]
[Black "Matviishen, Viktor"]
[Result "0-1"]
[WhiteElo "2296"]
[BlackElo "2433"]
[PlyCount "70"]
[EventDate "2017.10.22"]
[EventType "team-tourn"]
[EventCountry "GER"]
[WhiteTeam "Marburg SK"]
[BlackTeam "Kasseler SK"]
[WhiteTeamCountry "GER"]
[BlackTeamCountry "GER"]

1. d4 Nf6 2. c4 e6 3. Nf3 b6 4. g3 Ba6 5. Qa4 c5 6. Bg2 Bb7 7. O-O cxd4 8. Nxd4
Bxg2 9. Kxg2 Qc8 10. Nc3 Be7 11. Bf4 O-O 12. Rad1 a6 13. e4 Qb7 14. f3 d6 15.
Nde2 Rd8 16. Rd2 Nc6 17. Rfd1 Ne8 18. g4 Rab8 19. b4 b5 20. cxb5 axb5 21. Qb3
Rbc8 22. g5 Rc7 23. h4 Rdc8 24. h5 g6 25. hxg6 hxg6 26. Rd3 Ne5 27. R3d2 Ng7
28. Rh1 Nh5 29. Rxh5 gxh5 30. Nd1 Ng6 31. Be3 Rc4 32. Ng3 d5 33. a3 dxe4 34.
Nxh5 exf3+ 35. Kf1 Rh4 0-1

[Event "Oberliga Ost B 2017 2018"]
[Site "Germany"]
[Date "2018.04.14"]
[Round "10.3"]
[White "Frolov, Artur"]
[Black "Dorst, Johannes"]
[Result "1-0"]
[WhiteElo "2403"]
[BlackElo "2207"]
[PlyCount "57"]
[EventDate "2017.10.22"]
[EventType "team-tourn"]
[EventCountry "GER"]
[WhiteTeam "Kasseler SK"]
[BlackTeam "Marburg SK"]
[WhiteTeamCountry "GER"]
[BlackTeamCountry "GER"]

1. e4 e6 2. d4 d5 3. Nd2 Nf6 4. e5 Nfd7 5. Bd3 c5 6. c3 Nc6 7. Ne2 cxd4 8. cxd4
f6 9. exf6 Nxf6 10. O-O Bd6 11. Nf3 Qc7 12. g3 O-O 13. Bf4 e5 14. dxe5 Nxe5 15.
Nxe5 Bxe5 16. Rc1 Qd6 17. Bxe5 Qxe5 18. Qb3 Ng4 19. h3 Nh6 20. Nf4 Qd6 21. Rfe1
Nf7 22. Qxd5 Qxd5 23. Nxd5 Bxh3 24. Rc7 Rad8 25. Nf4 Ng5 26. Ree7 Rxf4 27. gxf4
Nf3+ 28. Kh1 h5 29. Rxg7+ 1-0

[Event "Oberliga Ost B 2017 2018"]
[Site "Germany"]
[Date "2018.04.14"]
[Round "10.4"]
[White "Rolle, Eric"]
[Black "Hahn, Markus"]
[Result "0-1"]
[WhiteElo "2196"]
[BlackElo "2281"]
[PlyCount "56"]
[EventDate "2017.10.22"]
[EventType "team-tourn"]
[EventCountry "GER"]
[WhiteTeam "Marburg SK"]
[BlackTeam "Kasseler SK"]
[WhiteTeamCountry "GER"]
[BlackTeamCountry "GER"]

1. Nf3 Nf6 2. c4 e6 3. b3 c5 4. Bb2 b6 5. e3 Bb7 6. Be2 Be7 7. Nc3 O-O 8. Rc1
Nc6 9. O-O Rc8 10. d4 cxd4 11. Nxd4 Nxd4 12. Qxd4 Qc7 13. Rfd1 Qb8 14. Nb5 d5
15. cxd5 Bxd5 16. Qa4 Qb7 17. Rxc8 Rxc8 18. Nd4 Bxg2 19. Ba6 Qe4 20. Nf5 Qxf5
21. Bxc8 Bf3 22. Rc1 Qg6+ 23. Kf1 Qg2+ 24. Ke1 Qg1+ 25. Kd2 Qxf2+ 26. Kd3 Qe2+
27. Kd4 Qd2+ 28. Ke5 Bd6# 0-1

[Event "Oberliga Ost B 2017 2018"]
[Site "Germany"]
[Date "2018.04.14"]
[Round "10.5"]
[White "Kearns, Christopher"]
[Black "Duncker, Joachim"]
[Result "1-0"]
[WhiteElo "2209"]
[BlackElo "2243"]
[PlyCount "53"]
[EventDate "2017.10.22"]
[EventType "team-tourn"]
[EventCountry "GER"]
[WhiteTeam "Kasseler SK"]
[BlackTeam "Marburg SK"]
[WhiteTeamCountry "GER"]
[BlackTeamCountry "GER"]

1. e4 d5 2. exd5 Nf6 3. Nf3 Qxd5 4. d4 Bf5 5. Be2 c6 6. O-O e6 7. c4 Qa5 8. Nc3
Be7 9. Nh4 O-O 10. Bf3 Bg6 11. Nxg6 hxg6 12. d5 exd5 13. cxd5 Bb4 14. dxc6 Nxc6
15. Bd2 Rfd8 16. Bxc6 bxc6 17. a3 Bxc3 18. Bxc3 Rxd1 19. Bxa5 Rd5 20. Bc3 Ne4
21. Rac1 Rb8 22. g3 Rb3 23. Rfe1 Nxc3 24. Re8+ Kh7 25. Rxc3 Rxb2 26. Rc8 Rf5
27. g4 1-0

[Event "Oberliga Ost B 2017 2018"]
[Site "Germany"]
[Date "2018.04.14"]
[Round "10.6"]
[White "Neidhardt, Helge"]
[Black "Dovzik, Juri"]
[Result "1/2-1/2"]
[WhiteElo "2087"]
[BlackElo "2304"]
[PlyCount "49"]
[EventDate "2017.10.22"]
[EventType "team-tourn"]
[EventCountry "GER"]
[WhiteTeam "Marburg SK"]
[BlackTeam "Kasseler SK"]
[WhiteTeamCountry "GER"]
[BlackTeamCountry "GER"]

1. d4 d5 2. c4 c6 3. Nf3 Nf6 4. e3 a6 5. Bd3 dxc4 6. Bxc4 e6 7. O-O c5 8. Nc3
b5 9. Bd3 Bb7 10. Qe2 Nbd7 11. Rd1 Qb8 12. e4 cxd4 13. Nxd4 Bd6 14. g3 O-O 15.
f3 Ne5 16. Be3 Nxd3 17. Rxd3 Rd8 18. Rad1 Be7 19. Nb3 Rxd3 20. Qxd3 Qc7 21. Rc1
Bc6 22. Ne2 Qd7 23. Qxd7 Bxd7 24. Nc5 Bxc5 25. Rxc5 1/2-1/2

[Event "Oberliga Ost B 2017 2018"]
[Site "Germany"]
[Date "2018.04.14"]
[Round "10.7"]
[White "Kersten, Uwe"]
[Black "Lehmann, Stefan"]
[Result "1-0"]
[WhiteElo "2245"]
[BlackElo "1990"]
[PlyCount "77"]
[EventDate "2017.10.22"]
[EventType "team-tourn"]
[EventCountry "GER"]
[WhiteTeam "Kasseler SK"]
[BlackTeam "Marburg SK"]
[WhiteTeamCountry "GER"]
[BlackTeamCountry "GER"]

1. e4 c5 2. Nf3 d6 3. Bb5+ Bd7 4. Bxd7+ Qxd7 5. c4 Nc6 6. d4 cxd4 7. Nxd4 Nf6
8. Nc3 g6 9. b3 Bg7 10. Bb2 O-O 11. O-O Rfd8 12. Re1 e6 13. Nxc6 Qxc6 14. Qf3
Nd7 15. Rac1 a6 16. Ba1 Rac8 17. a4 Qb6 18. Ne2 Bxa1 19. Rxa1 Nc5 20. Rab1 Qc7
21. Nc3 Kg7 22. Qe3 Qe7 23. f4 Qc7 24. Kh1 Nd7 25. h3 Qc5 26. Qf3 h5 27. Rf1 b6
28. Rbe1 Re8 29. e5 d5 30. Rc1 Qb4 31. cxd5 Qxb3 32. d6 Rc4 33. Qb7 Rec8 34.
Qxd7 Rxc3 35. Qxc8 Rxc8 36. Rxc8 Qxa4 37. Rc7 Qb5 38. Rd1 Qe2 39. Rcc1 1-0

[Event "Oberliga Ost B 2017 2018"]
[Site "Germany"]
[Date "2018.04.14"]
[Round "10.8"]
[White "Hein, Lennart"]
[Black "Humburg, Philipp"]
[Result "0-1"]
[WhiteElo "1915"]
[BlackElo "2204"]
[PlyCount "74"]
[EventDate "2017.10.22"]
[EventType "team-tourn"]
[EventCountry "GER"]
[WhiteTeam "Marburg SK"]
[BlackTeam "Kasseler SK"]
[WhiteTeamCountry "GER"]
[BlackTeamCountry "GER"]

1. d4 d5 2. Nf3 Nf6 3. c4 dxc4 4. Qa4+ Nbd7 5. Nc3 e6 6. e4 c6 7. Qxc4 Be7 8.
Be2 O-O 9. O-O c5 10. dxc5 Nxc5 11. Rd1 Bd7 12. e5 Ne8 13. Qg4 f5 14. exf6 Nxf6
15. Qg3 Qb6 16. Ne5 Nfe4 17. Nxd7 Nxg3 18. Nxb6 Nxe2+ 19. Nxe2 axb6 20. Be3
Rfd8 21. a3 Bf6 22. Bd4 Nb3 23. Bxf6 gxf6 24. Rab1 Kf7 25. Nc3 f5 26. f3 Kf6
27. Kf2 Rac8 28. Ke3 Na5 29. Rxd8 Rxd8 30. b3 h5 31. Na4 Rd6 32. g3 e5 33. Nc3
Ke6 34. Rb2 Rd8 35. Na4 Rd6 36. Nc3 Rd4 37. Na4 Rxa4 0-1

[Event "Oberliga Ost B 2017 2018"]
[Site "Germany"]
[Date "2018.04.14"]
[Round "10.2"]
[White "Dubiel, Jacek"]
[Black "Hillmann, Michael"]
[Result "1-0"]
[WhiteElo "2429"]
[BlackElo "2159"]
[PlyCount "59"]
[EventDate "2017.10.22"]
[EventType "team-tourn"]
[EventCountry "GER"]
[WhiteTeam "Oberursel SV"]
[BlackTeam "Sangerhausen SV"]
[WhiteTeamCountry "GER"]
[BlackTeamCountry "GER"]

1. e4 d5 2. exd5 Qxd5 3. Nc3 Qd6 4. d4 Nf6 5. Nf3 c6 6. Ne5 Nbd7 7. Nc4 Qc7 8.
Qf3 Nb6 9. Bf4 Qd7 10. Nxb6 axb6 11. O-O-O e6 12. Be5 Nd5 13. Bc4 f6 14. Bf4
Bb4 15. Nxd5 exd5 16. Bd3 O-O 17. a3 Be7 18. Rhe1 b5 19. c3 b6 20. Re3 Rf7 21.
Bxh7+ Kxh7 22. Qh5+ Kg8 23. Rh3 Rf8 24. Qh7+ Kf7 25. Rg3 Rg8 26. Re1 Qf5 27.
Rxe7+ Kxe7 28. Qxg8 Qxf4+ 29. Re3+ Kd7 30. Qf7+ 1-0

[Event "Oberliga Ost B 2017 2018"]
[Site "Germany"]
[Date "2018.04.14"]
[Round "10.3"]
[White "Hellwig, Tobias"]
[Black "Heinz, Axel"]
[Result "1/2-1/2"]
[WhiteElo "2197"]
[BlackElo "2435"]
[PlyCount "117"]
[EventDate "2017.10.22"]
[EventType "team-tourn"]
[EventCountry "GER"]
[WhiteTeam "Sangerhausen SV"]
[BlackTeam "Oberursel SV"]
[WhiteTeamCountry "GER"]
[BlackTeamCountry "GER"]

1. d4 Nf6 2. Nf3 e6 3. g3 b5 4. a4 b4 5. Bg2 Bb7 6. O-O c5 7. Bf4 d5 8. Ne5 Be7
9. dxc5 Bxc5 10. Qd3 O-O 11. Qb5 Qc8 12. Nd3 Be7 13. c3 Ba6 14. Qa5 Nc6 15. Qc7
Qxc7 16. Bxc7 Rac8 17. Bf4 Ne4 18. Rc1 bxc3 19. Nxc3 Nd4 20. Kf1 Nb3 21. Nxe4
dxe4 22. Bxe4 Rxc1+ 23. Rxc1 Nxc1 24. Nxc1 Rc8 25. Bb1 Bd6 26. Be3 Bc5 27. Bd2
Bd4 28. b3 Bc3 29. Be3 Bd4 30. Bd2 g6 31. Nd3 Kf8 32. b4 Bc4 33. Bc2 Bc3 34.
Bh6+ Ke7 35. b5 Bd5 36. Bd1 Ba5 37. Be3 Bb6 38. Bd2 Be4 39. f3 Bd5 40. Nb4 Bb7
41. Nd3 Bd4 42. Bb4+ Kd8 43. Ba3 Bd5 44. Bb4 f6 45. Ba5+ Kd7 46. Bb4 e5 47. Bd2
Bc3 48. Be3 Bd4 49. Bd2 f5 50. Nb4 Bb7 51. Nc2 Bc5 52. Ne3 e4 53. f4 Bd4 54.
Nc2 Bc5 55. Ne3 Bb6 56. Nc2 Rc4 57. Ne3 Rd4 58. Ke1 Ke7 59. Bb3 1/2-1/2

[Event "Oberliga Ost B 2017 2018"]
[Site "Germany"]
[Date "2018.04.14"]
[Round "10.4"]
[White "Schlamp, Robert"]
[Black "Heyder, Florian"]
[Result "1/2-1/2"]
[WhiteElo "2297"]
[BlackElo "2174"]
[PlyCount "111"]
[EventDate "2017.10.22"]
[EventType "team-tourn"]
[EventCountry "GER"]
[WhiteTeam "Oberursel SV"]
[BlackTeam "Sangerhausen SV"]
[WhiteTeamCountry "GER"]
[BlackTeamCountry "GER"]

1. e4 e6 2. d3 d5 3. Nd2 Nf6 4. Ngf3 Nc6 5. e5 Nd7 6. d4 f6 7. Bb5 Be7 8. O-O
fxe5 9. dxe5 O-O 10. Re1 a6 11. Bxc6 bxc6 12. Nd4 Nb8 13. Qg4 Rf7 14. f4 Qd7
15. N2f3 c5 16. Ne2 Nc6 17. Bd2 Rb8 18. b3 Nb4 19. Bxb4 Rxb4 20. Rad1 a5 21. c3
Rb6 22. Ng3 h6 23. Nd2 a4 24. Nc4 Ra6 25. Ne3 axb3 26. axb3 Kh7 27. h4 Qe8 28.
h5 Qf8 29. Rf1 Rb6 30. Rf3 Rxb3 31. Qg6+ Kh8 32. Qc2 c4 33. Rdf1 Bc5 34. Ne2
Bd7 35. Kh1 c6 36. Qg6 Qe7 37. g3 Be8 38. f5 Bxe3 39. f6 gxf6 40. Rxe3 f5 41.
Nd4 Qg5 42. Qxg5 hxg5 43. Nxe6 f4 44. gxf4 gxf4 45. Ref3 Re7 46. Nd4 Rxe5 47.
Nxb3 Rxh5+ 48. Kg1 cxb3 49. Rb1 Rh4 50. Rxb3 Bg6 51. Rf2 Kg7 52. Rb6 Be4 53.
Rh2 Rg4+ 54. Kf2 Rg6 55. Ra6 Rf6 56. Rh4 1/2-1/2

[Event "Oberliga Ost B 2017 2018"]
[Site "Germany"]
[Date "2018.04.14"]
[Round "10.5"]
[White "Guenther, Christian"]
[Black "Haubt, Georg"]
[Result "1-0"]
[WhiteElo "2137"]
[BlackElo "2183"]
[PlyCount "77"]
[EventDate "2017.10.22"]
[EventType "team-tourn"]
[EventCountry "GER"]
[WhiteTeam "Sangerhausen SV"]
[BlackTeam "Oberursel SV"]
[WhiteTeamCountry "GER"]
[BlackTeamCountry "GER"]

1. d4 Nf6 2. c4 e6 3. Nc3 Bb4 4. Qc2 O-O 5. Nf3 b6 6. e4 d5 7. e5 Ne4 8. Bd3
Bb7 9. O-O Bxc3 10. bxc3 h6 11. cxd5 exd5 12. Nd2 Nxd2 13. Qxd2 Ba6 14. Bxa6
Nxa6 15. Qd3 Nb8 16. f4 f5 17. Ba3 Rf7 18. Rae1 Nc6 19. e6 Rf6 20. Qb5 Ne7 21.
Qd7 Ng6 22. Qc6 Kh7 23. g4 Nh4 24. Qb7 Qg8 25. Be7 fxg4 26. Bxf6 gxf6 27. Re2
Rd8 28. Qxc7+ Kh8 29. f5 Rc8 30. Qf4 Kh7 31. Re3 h5 32. Kh1 Qe8 33. h3 Qa4 34.
hxg4 Qxa2 35. Qg3 Qd2 36. Rfe1 Nxf5 37. gxf5 Rg8 38. Qxg8+ Kxg8 39. e7 1-0

[Event "Oberliga Ost B 2017 2018"]
[Site "Germany"]
[Date "2018.04.14"]
[Round "10.6"]
[White "Haakert, Juergen"]
[Black "Buerckner, Georg"]
[Result "1-0"]
[WhiteElo "2312"]
[BlackElo "2044"]
[PlyCount "83"]
[EventDate "2017.10.22"]
[EventType "team-tourn"]
[EventCountry "GER"]
[WhiteTeam "Oberursel SV"]
[BlackTeam "Sangerhausen SV"]
[WhiteTeamCountry "GER"]
[BlackTeamCountry "GER"]

1. Nf3 d5 2. g3 Nf6 3. Bg2 e6 4. O-O Bd6 5. d3 O-O 6. Nbd2 e5 7. e4 dxe4 8.
dxe4 Nc6 9. c3 Qe7 10. Qe2 Bg4 11. Nc4 Bc5 12. b4 Bd6 13. Ne3 Bd7 14. Nh4 g6
15. Nc4 Nh5 16. Bh6 Ng7 17. Rad1 Be6 18. Rfe1 Rad8 19. Ne3 f6 20. Nd5 Qf7 21.
a3 Ne7 22. c4 c6 23. Ne3 Bc7 24. Bf1 Rfe8 25. Nf3 Nh5 26. c5 g5 27. Bxg5 Qg6
28. Bh4 Qxe4 29. Nc4 Qg6 30. Rxd8 Bxd8 31. Nd6 Rf8 32. Nxe5 fxe5 33. Qxe5 Nf4
34. Nxb7 Qc2 35. gxf4 Bd5 36. Nxd8 Ng6 37. Qg5 Kh8 38. Bg3 Qc3 39. Rd1 Bb3 40.
Rd3 Qc2 41. f5 Qc1 42. Qxc1 1-0